MAASAI MARA UNIVERSITY

LIBRARY CATALOGUE

Contact Us: +254 020 2685356/7 or 0774 057787

Box: 861-20500, NAROK, KENYA

Email: info@mmarau.ac.ke

_State of the world 2001 a World watch Institute Report on Progress Toward a Sustainable Society/ ty Lester R. Brown (Record no. 13027)

MARC details
000 -LEADER
fixed length control field 00520nam a2200157Ia 4500
008 - FIXED-LENGTH DATA ELEMENTS--GENERAL INFORMATION
fixed length control field 151021s9999 xx 000 0 und d
020 ## - INTERNATIONAL STANDARD BOOK NUMBER
International Standard Book Number 393320820
050 ## - LIBRARY OF CONGRESS CALL NUMBER
Classification number HD 75.6.S734 2001
245 ## - TITLE STATEMENT
Title _State of the world 2001 a World watch Institute Report on Progress Toward a Sustainable Society/ ty Lester R. Brown
260 ## - PUBLICATION, DISTRIBUTION, ETC. (IMPRINT)
Place of publication, distribution, etc. New York : W.w. Norton , 2001
300 ## - PHYSICAL DESCRIPTION
Extent xx,275 p.
500 ## - GENERAL NOTE
General note Includes index
500 ## - GENERAL NOTE
General note Includes index
650 ## - SUBJECT ADDED ENTRY--TOPICAL TERM
Topical term or geographic name as entry element _State of the world
980 ## - EQUIVALENCE OR CROSS-REFERENCE-SERIES STATEMENT--PERSONAL NAME/TITLE [LOCAL, CANADA]
Personal name ^d20130506 12:38:58^oanne

No items available.

© 2016 Maasai Mara University.